000 00351nam a2200133Ia 4500
008 240624s9999 xx 000 0 und d
041 _aeng
082 _a353.524 HUJ
100 _aHUJO KATJA
245 _aFINANCING SOCIAL POLICY MOBILIZING RESOU
260 _c2009
_aNew York
_bPalgrave Macmillan
300 _axx, 379 p.; 23 cm.
365 _cERU
_b38
999 _c30530
_d30530